000 00427nam a2200205Ia 4500
008 210210b1854 xxu||||| |||| 00| 0 eng d
041 _aeng
082 _a828/23
100 _aAUDIN (M)
245 _aLife of Luther Vol I
260 _aLondon
_bNot Mentioned
_c1854
440 _aI
650 _aVol
650 _aof
650 _aLuther
650 _aLife
650 _aI
690 _aBiography
906 _a015870
999 _c135260
_d135260